[Event "SRB-chT3 South"]
[Site "Serbia"]
[Date "2017.10.15"]
[Round "11.4"]
[White "Vukasinovic, Sasa"]
[Black "Rancic, Djordje"]
[Result "1/2-1/2"]
[WhiteElo "2026"]
[BlackElo "1886"]
[PlyCount "51"]
[EventDate "2017.09.03"]
[EventType "team-tourn"]
[EventRounds "11"]
[EventCountry "SRB"]
[SourceTitle "EXT 2022"]
[Source "ChessBase"]
[SourceDate "2021.10.06"]
[SourceVersion "1"]
[SourceVersionDate "2021.10.06"]
[SourceQuality "1"]

1. e4 c5 2. Nc3 g6 3. f4 Bg7 4. Nf3 Nc6 5. Bc4 e6 6. d3 a6 7. a4 Nge7 8. f5 d5 9. Bb3 dxe4 10. f6 Bxf6 11. Nxe4 Bg7 12. 0-0 Nf5 13. c3 c4 14. Bxc4 Ne5 15. Nxe5 Bxe5 16. Qe1 Qc7 17. g3 Bd7 18. Qe2 Bc6 19. Bf4 Bxf4 20. Rxf4 0-0-0 21. b4 Qe5 22. Re1 Bxa4 23. Qf2 Qc7 24. Qa7 Bc6 25. Nc5 Qb8 26. Qb6 1/2-1/2

[Event "SRB-chT3 South"]
[Site "Serbia"]
[Date "2017.10.14"]
[Round "9.6"]
[White "Stojiljkovic, Zivojin"]
[Black "Rancic, Djordje"]
[Result "0-1"]
[WhiteElo "1948"]
[BlackElo "1886"]
[PlyCount "58"]
[EventDate "2017.09.03"]
[EventType "team-tourn"]
[EventRounds "11"]
[EventCountry "SRB"]
[SourceTitle "EXT 2022"]
[Source "ChessBase"]
[SourceDate "2021.10.06"]
[SourceVersion "1"]
[SourceVersionDate "2021.10.06"]
[SourceQuality "1"]

1. e4 c5 2. Nc3 g6 3. Nf3 Bg7 4. d4 cxd4 5. Nxd4 Nc6 6. Nxc6 bxc6 7. Bd3 Nf6 8. 0-0 0-0 9. h3 d5 10. exd5 cxd5 11. Ne2 e5 12. Ng3 Bb7 13. Re1 Nd7 14. c3 Qc7 15. Bf1 f5 16. Ne2 f4 17. f3 Kh8 18. Kh1 Nf6 19. Bd2 Nh5 20. Rb1 Rad8 21. Qa4 Bc6 22. Qa3 Qd7 23. Rbd1 Bf6 24. Rc1 Be7 25. b4 e4 26. Nd4 e3 27. Qb2 Bd6 28. Red1 Ba4 29. Re1 Rfe8 0-1